00454nam a22001817a 45000010005000000030009000050050017000140070005000310080034000360200015000700400022000851000019001072450048001262600042001743000020002164900018002368300018002540167DO-SdBNP20160314111754.00167151005b 200 1996 xxu 00| 0 spa d a0590853015 aBPMSUbspacBPMSU1 aKorman, Gordon14aThe chicken doesn´t skate /cGordon Korman aEstados Unidos :bScholastic, c1996. a197 p :c20 cm.1 aApple fiction 0aApple fiction